Al Jazeera. Media e società arabe nel nuovo millennio (Record n. 89596)

Dettagli MARC
000 -LEADER
fixed length control field 02159nam a2200289Ia 4500
001 - CONTROL NUMBER
control field 6201
003 - CONTROL NUMBER IDENTIFIER
control field IT-RoPAU
008 - FIXED-LENGTH DATA ELEMENTS--GENERAL INFORMATION
fixed length control field 130308s9999 xx 000 0 und d
040 ## - CATALOGING SOURCE
Original cataloging agency IT-RoPAU
040 ## - CATALOGING SOURCE
Transcribing agency IT-RoPAU
041 ## - LANGUAGE CODE
Language code of text/sound track or separate title ITALIANO
100 ## - MAIN ENTRY--PERSONAL NAME
Personal name Della Ratta Donatella
100 ## - MAIN ENTRY--PERSONAL NAME
Miscellaneous information Codice Aut. SPICS: 58461
245 ## - TITLE STATEMENT
Title Al Jazeera. Media e società arabe nel nuovo millennio
245 ## - TITLE STATEMENT
Remainder of title Folklore Esotico: ricostruzioni fedeli e Arbitrarie
250 ## - EDITION STATEMENT
Edition statement 1a ed.
260 ## - PUBLICATION, DISTRIBUTION, ETC. (IMPRINT)
Place of publication, distribution, etc. MILANO
260 ## - PUBLICATION, DISTRIBUTION, ETC. (IMPRINT)
Name of publisher, distributor, etc. Mondadori Bruno
260 ## - PUBLICATION, DISTRIBUTION, ETC. (IMPRINT)
Date of publication, distribution, etc. 2005 [1° Ed.:2005 - Ed.Ling.Originale:2005]
300 ## - PHYSICAL DESCRIPTION
Extent "264 p. (prefazione: no ; testo: 264 [pagine: 0-0])"
500 ## - GENERAL NOTE
General note "Al Jazeera, Rivoluzione o Provocazione? I Media Arabi Prima e Dopo Guerra del Golfo: Prima della Guerra, Duopolio Egitto Arabia Saudita; caratteristiche Sistema Media Arabi (Unitarismo Arabo o Panarabismo; Transnazionalismo;Mobilitazione); Ascesa potenza Mediale Egiziana e Contrattacco Saudita; Periferie imperi Mediali Arabi; Informazione televisiva Prima della Guerra; riconfigurazione Media Dopo la Guerra. Ii Ascesa regionale di al Jazeera: Nuovi network Panarabi (Middle East broadcasting Center Mbc; Arab Radio Andtelevision Art; Orbit; strada Verso al Jazeera, fallimento Informazione Sui network Panarabi Sauditi; Particolarità mercato Televisivo Panarabo); al Jazeera, Filosofia Editoriale e Programmazione; doppio Gioco del Qatar, Politica Estera e Strategia Mediale. III tutti contro al Jazeera: Perche' Occidente Non Capisce al Jazeera (Opinione e Opinione Contraria Come Strategia Editoriale e Politica; Terminologia e Oggettività Contestuale; Ambiguità Pubblico/Privato; Ideologia Versus Business; Panarabismo e Panislamismo;Mobilitazione Satellitare); Perche' Mondo Arabo Non Acceta al Jazeera; Usae Arabia Saudita, Chi è vero nemico di al Jazeera? Iv al Jazeera Dopo L'11 Settembre: Guerra All'Iraq e Ricadute Sui Media; Apertura mercato regionale Alla Concorrenza; Non Solo News; Democrazia Puo Nascere Dai Media? Biblio"
650 ## - SUBJECT ADDED ENTRY--TOPICAL TERM
Topical term or geographic name as entry element SAGGI DI COMUNICAZIONE SOCIALE
650 ## - SUBJECT ADDED ENTRY--TOPICAL TERM
Relator term Codice materia Spics: 3807
942 ## - ADDED ENTRY ELEMENTS (KOHA)
Koha item type LIBRO
957 ## -
-- 1
999 ## - SYSTEM CONTROL NUMBERS (KOHA)
-- 1
Dati di copia
Withdrawn status Lost status Damaged status Not for loan Home library Current library Date acquired Total Checkouts Full call number Date last seen Price effective from Koha item type Public note
    Buone Condizioni Not For Loan SPICS-MEDIATECA SPICS-MEDIATECA 08/03/2013   6201 08/03/2013 08/03/2013 LIBRO Progressivo inserimento: 15256 / N. Volumi: 1 Copie: 1 / data import: 1 marzo 2013 - By Epidotti, Trombetti, Vaglietti.
CREDITS: SOCIETA' SAN PAOLO Via A.Severo, 58 - ROMA (RM) & PERIODICI SAN PAOLO SRL Via Giotto, 36 MILANO & CISF Via Giotto, 36 MILANO & EDIZIONI SAN PAOLO SRL,  Piazza Soncino, 5 CINISELLO BALSAMO (MI) -- ITALY